000 00807cam a22002533a 4500
001 20306
003 PGUSA
005 20140828083429.0
008 070107s2007||||xxu|||||s|||||000 | eng d
040 _aPGUSA
_beng
042 _adc
050 4 _aD
100 1 _aWright, Willard Huntington,
_d1888-1939
245 1 0 _aEurope After 8 :
_b15
_h[electronic resource] /
_cWillard Huntington Wright
260 _bProject Gutenberg,
_c2007
505 0 _aPreface in the Socratic manner -- Vienna -- Munich -- Berlin -- London -- Paris.
506 _aPublic domain in the USA.
516 _aElectronic text
653 _aEurope -- Social life and customs
700 1 _aBenton, Thomas Hart,
_d1889-1975
830 0 _aProject Gutenberg
_v20306
856 4 0 _uhttp://www.gutenberg.org/ebooks/20306
942 _cEB
999 _c249561
_d249561